زياد بن أبيه / (رقم التسجيلة. 35118)

تفاصيل مارك
000 -LEADER
fixed length control field 00678nam a22002297a 4500
005 - DATE AND TIME OF LATEST TRANSACTION
control field 20251108165929.0
008 - FIXED-LENGTH DATA ELEMENTS--GENERAL INFORMATION
fixed length control field 250721s9999 xx 000 0 ara d
082 14 - DEWEY DECIMAL CLASSIFICATION NUMBER
Classification number ط/923.55/زيا
100 1# - MAIN ENTRY--PERSONAL NAME
Personal name هنداوي، خليل
245 10 - TITLE STATEMENT
Title زياد بن أبيه /
264 1# - PRODUCTION, PUBLICATION, DISTRIBUTION, MANUFACTURE, AND COPYRIGHT NOTICE
Place of production, publication, distribution, manufacture بيروت :
Name of producer, publisher, distributor, manufacturer دار الشرق العربي،
Date of production, publication, distribution, manufacture, or copyright notice [19-].
300 ## - PHYSICAL DESCRIPTION
Extent 125ص.
490 0# - SERIES STATEMENT
Series statement أعلام خالدون ؛ 2
650 17 - SUBJECT ADDED ENTRY--TOPICAL TERM
Topical term or geographic name as entry element التراجم
650 17 - SUBJECT ADDED ENTRY--TOPICAL TERM
Topical term or geographic name as entry element الإسلام
653 ## - INDEX TERM--UNCONTROLLED
Uncontrolled term ناشئون صغار (10-14 سنة )
700 1# - ADDED ENTRY--PERSONAL NAME
Personal name الانطاكي، محمد
700 1# - ADDED ENTRY--PERSONAL NAME
Personal name حاضري، بدر الدين
700 1# - ADDED ENTRY--PERSONAL NAME
Personal name قجة، محمد
942 ## - ADDED ENTRY ELEMENTS (KOHA)
Source of classification or shelving scheme Dewey Decimal Classification
Koha item type كتب
المقتنيات
حالة السحب حالة الفقدان مصدر التصنيف حالة التلف غير قابل للإعارة المكتبة الرئيسية المكتبة الحالية موقع الرف تاريخ التزويد الرقم المتسلسل Total Checkouts رقم الإستدعاء الباركود تاريخ آخر ظهور تاريخ الفاتورة نوع المادة (كوها)
    Dewey Decimal Classification     مكتبة أم المؤمنين للأطفال مكتبة أم المؤمنين للأطفال الأطفال 28/07/2025 1045499   ط/923.55/زيا 1045499 28/07/2025 28/07/2025 كتب
    Dewey Decimal Classification     مكتبة الجويدة مكتبة الجويدة الأطفال 27/04/2015 (655)   ط/923.55/زيا PLD00321582 28/07/2025 27/04/2015 كتب
    Dewey Decimal Classification     مكتبة الياسمين للأطفال مكتبة الياسمين للأطفال الأطفال 24/03/2014 559036   ط/923.55/زيا PLD00296063 28/07/2025 24/03/2014 كتب
    Dewey Decimal Classification     مكتبة صويلح العامة مكتبة صويلح العامة الأطفال 01/08/2019 000644   ط/923.55/زيا PLD00460883 28/07/2025 01/08/2019 كتب
Implemented & Customized by: BBB with SCIT (Smart Chains for Information Technology)

Powered by Koha